Going local : creating self-reliant communities in a global age = Actuar a escala local: la creación de comunidades autosuficientes en la era global /

Salvato in:
Dettagli Bibliografici
Autore principale: Shuman, Michael
Natura: Sconosciuto
Lingua:English
Pubblicazione: New York : Routledge, c2000.
Soggetti:
Tags: Aggiungi Tag
Nessun Tag, puoi essere il primo ad aggiungerne!!

MARC

LEADER 000000000a22000000004500
001 014874
041 0 |a eng 
082 0 4 |a 338.973   |b S562g 
100 1 |a Shuman, Michael 
245 1 0 |a Going local :   |b creating self-reliant communities in a global age = Actuar a escala local: la creación de comunidades autosuficientes en la era global /   |c Michael Shuman. 
246 3 1 |a Actuar a escala local: la creación de comunidades autosuficientes en la era global 
260 1 |a New York :   |b Routledge,   |c c2000. 
300 |a xiv, 318 páginas ;   |c 23 cm. 
650 4 |a DESARROLLO SOSTENIBLE 
650 4 |a ESTADOS UNIDOS 
650 4 |a ESTUDIO DE CASOS 
650 4 |a EMPRESA LIBRE 
650 4 |a DESARROLLO COMUNITARIO 
500 |a Colección George Yúdice 
999 |c 20739  |d 20739 
942 |c BK  |h 338.973 S562g  |2 z